000 00427nam a22001697a 4500
005 20180905145528.0
008 160623b xxu||||| |||| 00| 0 eng d
020 _a978-0-07-040267-6
041 _aeng
082 _b9055
_a658.403
100 _aDavis, Gorden B and alson, Margrethe H.
_94863
245 _aManagement Information System
260 _bTMH
_adelhi
300 _a623p,
650 _aManagement
_9241
942 _cBK
999 _c3609
_d3608